00457 2200181 4500001002100000005001500021008004100036020001800077035001900095041000700114082000800121090001400129100003100143245002200174260003000196300003100226650001800257INLIS00000000001079420241224114050241224||||||||| | ||| |||| || |  a602-7993-57-x 0010-1224010794 aid0 a614 a614 EWA m0 aEwa Molika Sitompul AM.Keb00aMama Aku Sakit... aJakartabArena Kidsc2014 a23x15 cm, 160 hlm.; ilus.: 0aPenyakit Anak